All Marvel Minimates 2015-2016 Quiz Stats

 Plays Quiz not verified by Sporcle

Challenge
Share
Tweet
Embed
Score 0/203 Timer 10:00
0 Plays Today
Series Answer % Correct
SDCC DaredevilDaredevil
97.3%
TRU 19Payback Wolverine
94.6%
TRU 19Space Armor Iron Man
94.6%
Avengers Age Of Ultron (Blind Bags)Ultron Mark I
94.6%
TRU Avengers Age Of Ultron Wave 1Age Of Ultron Scarlet Witch
94.6%
Wave 60Strike Force Wolverine
94.6%
Wave 61Age Of Ultron Black Widow
94.6%
Wave 61Age Of Ultron Captain America
94.6%
Wave 61Age Of Ultron Hawkeye
94.6%
Wave 61Mark XLIII Iron Man
94.6%
Wave 61Ultron
94.6%
Wave 61Winter Ops Hawkeye
94.6%
Avengers Age Of Ultron box setFinal Form Ultron
94.6%
Avengers Age Of Ultron box setIron Man MK 45
94.6%
Walgreens Wave 1Captain America
94.6%
Wave 62Falcon as Captain America
94.6%
Wave 62Superior Iron Man
94.6%
Wave 63Hulkbuster Iron Man
94.6%
Walgreens Wave 1.5Hawkeye
94.6%
Walgreens Wave 1.5Hulkbuster Iron Man
94.6%
Walgreens Wave 1.5Ultron
94.6%
Wave 64Raging Ultron
94.6%
Wave 64Wastelands Wolverine
94.6%
Walgreens Wave 2Black Widow
94.6%
Walgreens Wave 2Dark Avengers Iron Man
94.6%
TRU Captain America Civil War Wave 1Hawkeye
94.6%
Wave 66Captain America
94.6%
Wave 66Iron Man Mark 46
94.6%
SDCC Captain America Civil WarScarlet Witch
94.6%
TRU 22First Appearance Wolverine
94.6%
Walgreens Wave 2.5Iron Man
94.6%
Wave 67Black Widow
94.6%
Wave 67War-Torn Captain America
94.6%
Wave 67War-Torn Iron Man
94.6%
Wave 68Wolverine
94.6%
Walgreens Wave 3Captain America
94.6%
Marvel Now! (Blind Bags)International Iron Man
94.6%
Marvel Now! (Blind Bags)Old Man Logan
94.6%
Marvel Now! (Blind Bags)X-23 as Wolverine
94.6%
TRU 19Quicksilver
91.9%
TRU Avengers Age Of Ultron Wave 1Age Of Ultron Quicksilver
91.9%
Ant-Man 1Shrinking Ant-Man
91.9%
Ant-Man 2Ant-Man
91.9%
TRU Captain America Civil War Wave 2Ant-Man
91.9%
Walgreens Wave 3Ant-Man
91.9%
Ant-Man 1Ant-Thony
89.2%
Wave 65Marvel NOW Deadpool
89.2%
Wave 65Mascot Deadpool
89.2%
Wave 65Secret Wars Deadpool
89.2%
Wave 65Zenpool
89.2%
TRU 22Debut Deadpool
89.2%
TRU 22Transforming Hulkpool
89.2%
Wave 68Cyclops
89.2%
TRU 19Anti-Sinister Six Spider-Man
86.5%
TRU 19Marvel Now Vision
86.5%
TRU Avengers Age Of Ultron Wave 1Age Of Ultron Thor
86.5%
Wave 61Age Of Ultron Thor
86.5%
TRU 20Stealth Suit Spider-Man
86.5%
TRU 20Ultimate Spider-Man
86.5%
Walgreens Wave 1Hulk
86.5%
Walgreens Wave 1Ultimate Spider-Man
86.5%
Wave 62Kluh
86.5%
Wave 63Hulk
86.5%
Wave 63Phasing Vision
86.5%
Wave 63Rampaging Hulk
86.5%
Wave 63The Vision
86.5%
Walgreens Wave 1.5Half-Masked Spider-Man
86.5%
Walgreens Wave 1.5Miles Morales Spider-Man
86.5%
Series Answer % Correct
TRU 21Iron Spider-Man
86.5%
Wave 64Dystopia Hulk
86.5%
Wave 64New Thor
86.5%
Walgreens Wave 2Dark Avengers Thor
86.5%
Walgreens Wave 2Iron Spider-Man
86.5%
TRU Captain America Civil War Wave 1Vision
86.5%
SDCC Captain America Civil WarSuited Vision
86.5%
TRU 22Armory Spider-Man
86.5%
TRU 22Savage Hulk
86.5%
Walgreens Wave 2.5SHIELD Armor Spider-Man
86.5%
Walgreens Wave 2.5Spyder-Knight
86.5%
Walgreens Wave 2.5Thor
86.5%
TRU Doctor StrangeAstral Form Doctor Strange
86.5%
Walgreens Wave 3Itsy Bitsy Spider-Man
86.5%
Walgreens Wave 3Jet-Pack Spider-Man
86.5%
Walgreens Wave 3Spider-Man Noir
86.5%
Wave 70Doctor Strange
86.5%
Wave 70Stephen Strange
86.5%
Marvel Now! (Blind Bags)Spider-Man (Miles Morales)
86.5%
Wave 66Black Panther
83.8%
Walgreens Wave 2.5Power Man
83.8%
Jessica JonesJessica Jones
83.8%
X-ForceHeavy Armor Cable
81.1%
Wave 65Messiah Complex Cable
81.1%
Ant-Man 1Shrinking Yellowjacket
78.4%
Avengers Age Of Ultron box setNick Fury
78.4%
TRU 20Ultimate Nick Fury
78.4%
TRU Avengers Age Of Ultron Wave 2War Machine
78.4%
Walgreens Wave 1Ultimate Agent Venom
78.4%
Ant-Man 2Yellowjacket
78.4%
Walgreens Wave 1.5Venom
78.4%
Wave 66Battle Damaged War Machine
78.4%
Wave 66War Machine
78.4%
TRU Captain America Civil War Wave 2Falcon
78.4%
Jessica JonesLuke Cage
78.4%
Walgreens Wave 3Falcon
78.4%
Marvel Now! (Blind Bags)Venom Space Knight
78.4%
Wave 69Classic Falcon
78.4%
Wave 60Strike Force Storm
75.7%
DaredevilWilson Fisk
75.7%
SDCC DaredevilPunisher
73%
X-ForceTriumphant Domino
67.6%
Wave 60Strike Force Banshee
67.6%
Wave 65Copycat as Domino
67.6%
Wave 68Storm
67.6%
Ant-Man 2Hank Pym
64.9%
Wave 68Colossus
64.9%
Walgreens Wave 1Groot & Rocket
62.2%
Walgreens Wave 1Star-Lord
62.2%
Wave 66Winter Soldier
62.2%
Wave 68Nightcrawler
62.2%
Wave 70The Ancient One
59.5%
TRU 20Ultimate Carnage
56.8%
Wave 62Heroic Carnage
56.8%
Villain Zombies Collection 3Zombie Vulture
56.8%
Walgreens Wave 2Drax the Destroyer
56.8%
Walgreens Wave 2Gamora
56.8%
Wave 62Red Onslaught
54.1%
Walgreens Wave 2Thanos
54.1%
DaredevilFoggy Nelson
54.1%
Jessica JonesKilgrave
54.1%
Wave 64Captain Marvel
51.4%
Wave 68Banshee
51.4%
Walgreens Wave 1.5Agent Coulson
48.6%
TRU 21Spider-Gwen
48.6%
Wave 70Mordo
48.6%
Wave 70Wong
48.6%
Marvel Now! (Blind Bags)Unmasked Spider-Gwen
48.6%
Series Answer % Correct
Wave 69Mandroid
48.6%
TRU 19Ronan the Accuser
45.9%
TRU 20Ultimate Sandman
43.2%
Villain Zombies Collection 3Zombie Bullseye
43.2%
Walgreens Wave 1.5Crossbones
43.2%
Wave 67Crossbones
43.2%
Ant-Man 2Hope Van Dyne
37.8%
Wave 69Black Knight
37.8%
Wave 60Strike Force Jubilee
35.1%
TRU 20Ultimate Nova
35.1%
Wave 65Bob Agent of Hydra
35.1%
Wave 70Kaecilius
35.1%
Walgreens Wave 1Ultimate Electro
32.4%
Wave 62Uncanny Sabretooth
32.4%
Wave 63Hydra Soldier
32.4%
X-ForceWarrior Shatterstar
29.7%
X-ForceX-Ternal Cannonball
29.7%
Wave 60The Blob
29.7%
Wave 62Axis Apocalypse
29.7%
Wave 63Ulysses Klaue
29.7%
Wave 64Disco Dazzler
29.7%
Wave 68Sunfire
29.7%
Wave 67Agent 13
27%
DaredevilMatt Murdock
27%
TRU 19Mysterio
24.3%
Wave 62Heroic Hobgoblin
24.3%
Wave 65X-Force Siryn
24.3%
Wave 68Thunderbird
24.3%
TRU 19Classic Sentinel
21.6%
Wave 60Pyro
21.6%
Avengers Age Of Ultron box setTony Stark
21.6%
Villain Zombies Collection 3Zombie Pyro
21.6%
Walgreens Wave 2Taskmaster
21.6%
Jessica JonesTrish Walker
21.6%
Wave 69Tigra
21.6%
Avengers Age Of Ultron (Blind Bags)Baron Strucker
18.9%
Ant-Man 1Scott Lang
18.9%
TRU Avengers Age Of Ultron Wave 2Bruce Banner
18.9%
Walgreens Wave 2.5Man-Thing
18.9%
Wave 64Howard the Duck
16.2%
DaredevilClaire Temple
16.2%
Wave 70Christine Palmer
16.2%
Avengers Age Of Ultron (Blind Bags)Iron Legion 02
13.5%
Avengers Age Of Ultron (Blind Bags)Iron Legion 04
13.5%
Avengers Age Of Ultron box setIron Legion 1
13.5%
Wave 66Guard
13.5%
Wave 67Secretary Ross
13.5%
Marvel Now! (Blind Bags)Silk
13.5%
Wave 69Enchantress
13.5%
Avengers Age Of Ultron (Blind Bags)Sub-Ultron Blue
10.8%
Avengers Age Of Ultron (Blind Bags)Sub-Ultron Red
10.8%
Wave 60Avalanche
10.8%
Wave 61Sub-Ultron (Blue)
10.8%
Walgreens Wave 1Ultimate Spider-Man 2099
10.8%
Walgreens Wave 2.5Nighthawk
10.8%
TRU Doctor StrangeStrong Zealot
10.8%
Walgreens Wave 3Hyperion
10.8%
Walgreens Wave 3Squirrel Girl
10.8%
Wave 70Zealot
10.8%
Wave 60Destiny
8.1%
Villain Zombies Collection 3Ultron Drone
8.1%
Wave 64Iron Man 2020
8.1%
Walgreens Wave 2.5Power Princess
8.1%
Wave 67Mercenary
8.1%
Marvel Now! (Blind Bags)Deadpool 2099
8.1%
Wave 69Blizzard Donnie Gill
8.1%
Wave 69Blizzard Gregor Shapanka
8.1%

You're not logged in!

Compare scores with friends on all Sporcle quizzes.
Join for Free
OR
Log In

You Might Also Like...

Show Comments

Extras

Top Quizzes Today


Score Distribution

Your Account Isn't Verified!

In order to create a playlist on Sporcle, you need to verify the email address you used during registration. Go to your Sporcle Settings to finish the process.

Report this User

Report this user for behavior that violates our Community Guidelines.

Details: